LIBRARY & INFORMATION CENTRE, KCAET, TAVANUR

ONLINE PUBLIC ACCESS CATALOGUE (OPAC)

Design an appropriate irrigation systems for non irrigated areas of KCAET farm (Record no. 15177)

MARC details
000 -LEADER
fixed length control field 00761nam a22002057a 4500
003 - CONTROL NUMBER IDENTIFIER
control field OSt
088 ## - REPORT NUMBER
Report number P 264
100 ## - MAIN ENTRY--AUTHOR NAME
Personal name JITHA K. J
245 ## - TITLE STATEMENT
Title Design an appropriate irrigation systems for non irrigated areas of KCAET farm
260 ## - PUBLICATION, DISTRIBUTION, ETC. (IMPRINT)
Place of publication Tavanur 2013
Name of publisher Department of Irrigation and Drainage Engineering
300 ## - PHYSICAL DESCRIPTION
Number of Pages 82
500 ## - GENERAL NOTE
General note Design an appropriate irrigation systems for non irrigated areas of KCAET farm
520 ## - SUMMARY, ETC.
Summary, etc Design an appropriate irrigation systems for non irrigated areas of KCAET farm
700 ## - ADDED ENTRY--PERSONAL NAME
Personal name Sumayya A
700 ## - ADDED ENTRY--PERSONAL NAME
Personal name Thulasi Mohan P. U
700 ## - ADDED ENTRY--PERSONAL NAME
Personal name Dr. K. V Levan (Guide)
856 ## - ELECTRONIC LOCATION AND ACCESS
Uniform Resource Identifier https://drive.google.com/open?id=1ssrWc9sFlLAXk5PLe4Wbd5nR8_qvCbo2
942 ## - ADDED ENTRY ELEMENTS (KOHA)
Koha item type Project Report
Holdings
Collection code Home library Current library Shelving location Full call number Accession Number Koha item type
Reference KAUAET KAUAET Reference 631.587 JIT/DE P 264 Project Report
free website counter